instant Notes Biochemistry (Record no. 299766)

MARC details
000 -LEADER
fixed length control field 00328pam a2200133a 44500
008 - FIXED-LENGTH DATA ELEMENTS--GENERAL INFORMATION
fixed length control field 230405s2005 xxu||||| |||| 00| 0 eng d
041 ## - LANGUAGE CODE
Language code of text/sound track or separate title ENG
100 ## - MAIN ENTRY--PERSONAL NAME
Personal name David hames
245 ## - TITLE STATEMENT
Title instant Notes Biochemistry
260 ## - PUBLICATION, DISTRIBUTION, ETC.
Place of publication, distribution, etc.
Name of publisher, distributor, etc. Taylor and francis group llc 270
Date of publication, distribution, etc. 2005
300 ## - PHYSICAL DESCRIPTION
Extent 438
700 ## - ADDED ENTRY--PERSONAL NAME
Personal name Nigel Hooper
906 ## - LOCAL DATA ELEMENT F, LDF (RLIN)
a 9267
Holdings
Withdrawn status Lost status Damaged status Not for loan Collection Home library Current library Shelving location Date acquired Source of acquisition Cost, normal purchase price Total Checkouts Barcode Date last seen Price effective from Koha item type
          Matoshri Bayabai Shripatrao Kadam Kanya Mahavidyalaya, Kadegaon, Sangli Matoshri Bayabai Shripatrao Kadam Kanya Mahavidyalaya, Kadegaon, Sangli   15/06/2011 Dimand Book Depot 375.00   KVK-XITH00674 18/04/2023 18/04/2023 Book